| 000 | 00489nam a2200181Ia 4500 | ||
|---|---|---|---|
| 003 | OSt | ||
| 005 | 20230516110424.0 | ||
| 008 | 210423s1990 xx 000 0 und d | ||
| 040 | _cAL | ||
| 041 | _aeng | ||
| 082 |
_a370 _223 _bNAIS |
||
| 100 |
_aNAIK (J P). _9104883 |
||
| 245 | _aSome perspectives on non formal education. | ||
| 260 |
_aNew Delhi _bOxford University Press _c1990 |
||
| 365 |
_b15 _cINR |
||
| 906 | _aeducation. ; formal ; non ; perspectives ; Some | ||
| 942 |
_2ddc _cBK |
||
| 999 |
_c172171 _d172171 |
||